| 000 | 004710000a22001930004500 | ||
|---|---|---|---|
| 001 | 002691 | ||
| 003 | MACL | ||
| 005 | 20150910114758.0 | ||
| 008 | 150910b xxu||||| |||| 00| 0 eng d | ||
| 040 |
_aMACL _cMACL |
||
| 041 | _aEnglish | ||
| 082 | _a821/KAU | ||
| 100 |
_aKaul, H.K. _96346 |
||
| 245 |
_aPoetry India _bVoices of Silence _cH.K. Kaul |
||
| 260 |
_aNew Delhi _c1998 _bVirgo Publications, |
||
| 350 | _a160 | ||
| 650 |
_aPoetry _99760 |
||
| 942 |
_k821 _cBK _2ddc |
||
| 999 |
_c14600 _d14600 |
||